| 000 | 08793namaa22004451i 4500 | ||
|---|---|---|---|
| 003 | EG-GICUC | ||
| 005 | 20260411132322.0 | ||
| 008 | 260411s2025 ua a|||frm||| 000 0 eng d | ||
| 040 |
_aEG-GICUC _beng _cEG-GICUC _dEG-GICUC _erda |
||
| 041 | 0 |
_aeng _beng _bara |
|
| 049 | _aDeposit | ||
| 082 | 0 | 4 | _a612 |
| 092 |
_a612 _221 |
||
| 097 | _aM.Sc | ||
| 099 | _aCai01.10.10.M.Sc.2025.Ma.E | ||
| 100 | 0 |
_aMarina Mounir Ibrahim Eskander, _epreparation. |
|
| 245 | 1 | 0 |
_aEffect of feed restriction and some natural feed additives on physiological and behavioral parameters in male rats / _cby Marina Mounir Ibrahim Eskander ; Supervision Dr. Esmat Abdallah Seif Elnasr Dr. Manal Ramadan Bakeer Dr. Marwa Ibrahim Abd Alhamied. |
| 246 | 1 | 5 | _aتأثير تقييد كمية الغذاء وبعض الإضافات الغذائية الطبيعية على المعايير الفسيولوجية والسلوكية في ذكور الجرذان |
| 264 | 0 | _c2025. | |
| 300 |
_a107 pages : _billustrations ; _c25 cm. + _eCD. |
||
| 336 |
_atext _2rda content |
||
| 337 |
_aUnmediated _2rdamedia |
||
| 338 |
_avolume _2rdacarrier |
||
| 502 | _aThesis (M.Sc)-Cairo University, 2025. | ||
| 504 | _aBibliography: pages 82 -103. | ||
| 520 | 3 | _aMale fertility is a critical component of reproductive health, influenced by hormonal balance, metabolic state, and behavioral patterns. This study investigated the physiological and behavioral effects of feed restriction and natural feed additives, garlic and clove, on adult male Swiss albino rats, with a particular focus on ghrelin regulation, final body weight, reproductive hormones, semen quality, hematological parameters, gene expression, and tissue histology. Fifty adult male rats were randomly allocated into five groups (n = 10): a control group (fed ad libitum), two feed-restricted groups (30% and 60% restriction), a garlic-supplemented group (5% garlic powder), and a clove- supplemented group (30 mg/kg body weight). The experiment lasted two months, with ten adult female rats included at the end to assess male sexual behavior. Blood and tissue samples were collected to evaluate hormone levels (ghrelin, FSH, LH, testosterone, prolactin), metabolic markers, hematological indices, semen parameters, gene expression (Hsd-3β, StAR, CYP11A1), and histopathological changes in the testes and stomach. Feed restriction significantly elevated ghrelin levels and upregulated its gene expression in the gastric fundus, hypothalamus, and testes, while markedly reducing LH, testosterone, semen quality, testicular weight, final body weight, and sexual behavior. These alterations in reproductive function are attributed to the inhibitory effects of ghrelin on the hypothalamic-pituitary-gonadal (HPG) axis. Histopathological analysis revealed structural damage in the testes and stomach fundus in feed restricted groups. Garlic supplementation reduced ghrelin levels and body weight due to the appetite-suppressing effects of oligofructose and inulin present in garlic, and leading to significant improvements in LH, testosterone, sperm concentration and motility, and mating behavior. Clove supplementation increased ghrelin levels and final body weight due to its ghrelin-like compound, but did not significantly improve reproductive hormone levels or mating behavior compared to controls. Both garlic and clove groups exhibited elevated RBCs, WBCs, and hemoglobin, with reduced platelet counts, and showed upregulation of key steroidogenic genes without histological damage. In conclusion, feed restriction negatively impacts male reproductive function and tissue integrity, primarily through ghrelin dysregulation. Conversely, garlic supplementation demonstrates potential fertility-enhancing and protective effects, supporting its use as a natural therapeutic agent. | |
| 520 | 3 | _aالخصوبة الذكرية هي عنصر أساسي في الصحة الإنجابية، وتتأثر بالتوازن الهرموني، والحالة الأيضية، والأنماط السلوكية .وقد بحثت هذه الدراسة في الآثار الفسيولوجية والسلوكية لتقييد التغذية ومضافات الأعلاف الطبيعية - الثوم والقرنفل - على ذكور الجرذان السويسرية البيضاء البالغة، مع التركيز بشكل خاص على تنظيم هرمون الغريلين، ووزن الجسم النهائي، والهرمونات التناسلية، وجودة السائل المنوي، والمعايير الدموية، والتعبير الجيني، وعلم أنسجة الأنسجة .وُزّع خمسون جرذًا بالغًا من الذكور عشوائيًا على خمس مجموعات )عددها :(10 مجموعة ضابطة )تُغذّى حسب الرغبة(، ومجموعتان مُقيّدتا التغذية )تقييد %30 و(%60، ومجموعة مُكمّلة بالثوم )مسحوق الثوم (%5، ومجموعة مُكمّلة بالقرنفل 30) ملغم/كغم من وزن الجسم( .استمرت التجربة شهرين، وشملت عشر إناث جرذان بالغة في النهاية لتقييم السلوك الجنسي للذكور .جُمعت عينات دم وأنسجة لتقييم مستويات الهرمونات( الغريلين، FSH، LH، التستوستيرون، البرولاكتين)، والعلامات الأيضية، ومؤشرات الدم، ومعايير السائل المنوي، والتعبير الجينيHsd-3β) ، StAR، (CYP11A1، والتغيرات النسيجية المرضية في الخصيتين والمعدة .أدى تقييد التغذية إلى زيادة ملحوظة في مستويات الغريلين والتعبير الجيني عنه في قاع المعدة، والوطاء، والخصيتين، مع انخفاض ملحوظ فيLH ، والتستوستيرون، وجودة السائل المنوي، ووزن الخصية والوزن النهائي للجسم، والسلوك الجنسي .تُعزى هذه التغيرات في الوظيفة الإنجابية إلى التأثيرات المثبطة للغريلين على محور الوطاء-الغدة النخامية-الغدة التناسلية (HPG). كشف التحليل النسيجي المرضي عن تلف هيكلي في الخصيتين وقاع المعدة في المجموعات المقيدة .أدى تناول مكملات الثوم إلى خفض مستويات هرمون الغريلين ووزن الجسم، وذلك بفضل تأثيرات الأوليجوفركتوز والإينولين المثبطة للشهية، وأدى إلى تحسينات ملحوظة في الهرمون الملوتن(LH) ، والتستوستيرون، وتركيز الحيوانات المنوية وحركتها، وسلوك التزاوج .أما تناول مكملات القرنفل، فقد زاد من مستويات الغريلين ووزن الجسم النهائي بفضل مركبه الشبيه بالغريلين، ولكنه لم يُظهر أي تحسن يُذكر في الهرمونات التناسلية أو السلوك مقارنةً بالمجموعة الضابطة .وقد أظهرت كلتا المجموعتين ارتفاعًا في عدد خلايا الدم الحمراء وخلايا الدم البيضاء والهيموغلوبين، مع انخفاض في عدد الصفائح الدموية، وزيادة في تنظيم الجينات الستيرويدية الرئيسية دون حدوث أي ضرر نسيجي .وفي الختام، يؤثر تقييد التغذية سلبًا على الوظيفة التناسلية للذكور وسلامة الأنسجة، ويتجلى ذلك أساسًا في اختلال تنظيم الغريلين .في المقابل، تُظهر مكملات الثوم تأثيرات محتملة لتعزيز الخصوبة والوقاية، مما يدعم استخدامها كعامل علاجي طبيعي . | |
| 530 | _aIssues also as CD. | ||
| 546 | _aText in English and abstract in Arabic & English. | ||
| 650 | 0 | _aPhysiology | |
| 650 | 0 | _aالفسيولوجيا | |
| 653 | 1 |
_aMale fertility _aGhrelin _aFeed restriction _aGarlic _aClove _aAdult male rats _aخصوبة الذكور _aالغريلين |
|
| 700 | 0 |
_aEsmat Abdallah Seif Elnasr _ethesis advisor. |
|
| 700 | 0 |
_aManal Ramadan Bakeer _ethesis advisor. |
|
| 700 | 0 |
_aMarwa Ibrahim Abd Alhamied _ethesis advisor. |
|
| 900 |
_b01-01-2025 _cEsmat Abdallah Seif Elnasr _cManal Ramadan Bakeer _cMarwa Ibrahim Abd Alhamied _UCairo University _FFaculty of Veterinary Medicine _DDepartment of Physiology |
||
| 905 | _aShimaa | ||
| 942 |
_2ddc _cTH _e21 _n0 |
||
| 999 | _c179382 | ||